|
|
|
|
| LEADER |
01780nam a2200397 i 4500 |
| 001 |
EBC4825309 |
| 003 |
MiAaPQ |
| 005 |
20200923020339.0 |
| 006 |
m o d | |
| 007 |
cr cnu|||||||| |
| 008 |
170404t20172017enka o 000 0 eng d |
| 020 |
|
|
|z 9781787142947
|
| 020 |
|
|
|a 9781787142954 (e-book)
|
| 035 |
|
|
|a (MiAaPQ)EBC4825309
|
| 035 |
|
|
|a (Au-PeEL)EBL4825309
|
| 035 |
|
|
|a (CaPaEBR)ebr11363503
|
| 035 |
|
|
|a (OCoLC)979064551
|
| 040 |
|
|
|a MiAaPQ
|b eng
|e rda
|e pn
|c MiAaPQ
|d MiAaPQ
|
| 050 |
|
4 |
|a HF5415.1255
|b .B736 2017
|
| 082 |
0 |
|
|a 658.827
|2 23
|
| 245 |
0 |
0 |
|a Branding of emerging nations :
|b a multidisciplinary perspective /
|c guest editor, Madhurima Deb.
|
| 264 |
|
1 |
|a [Yorkshire, England] :
|b [Emerald Publishing Limited],
|c [2017]
|
| 264 |
|
4 |
|c [2017]
|
| 300 |
|
|
|a 1 online resource (113 pages) :
|b illustrations, tables.
|
| 336 |
|
|
|a text
|2 rdacontent
|
| 337 |
|
|
|a computer
|2 rdamedia
|
| 338 |
|
|
|a online resource
|2 rdacarrier
|
| 490 |
0 |
|
|a Journal of Asia Business Studies,
|x 1558-7894 ;
|v Volume 11, Number 1
|
| 588 |
|
|
|a Description based on online resource; title from PDF cover (ebrary, viewed April 3, 2017).
|
| 590 |
|
|
|a Electronic reproduction. Ann Arbor, MI : ProQuest, 2016. Available via World Wide Web. Access may be limited to ProQuest affiliated libraries.
|
| 650 |
|
0 |
|a Branding (Marketing)
|
| 655 |
|
4 |
|a Electronic books.
|
| 700 |
1 |
|
|a Deb, Madhurima,
|e editor.
|
| 776 |
0 |
8 |
|i Print version:
|t Branding of emerging nations : a multidisciplinary perspective.
|d [Yorkshire, England] : [Emerald Publishing Limited], c[2017]
|h 110 pages
|k Journal of Asia Business Studies ; Volume 11, Number 1
|z 9781787142947
|
| 797 |
2 |
|
|a ProQuest (Firm)
|
| 856 |
4 |
0 |
|u https://ebookcentral.proquest.com/lib/matrademy/detail.action?docID=4825309
|z Click to View
|